000 00509nam a2200181Ia 4500
005 20250508160130.0
008 008 250505s9999 xx 000 0 eng d
037 _aTextual
040 _aFEDL
_beng
_cFEDL
041 _aeng
_2eng
084 _a824, SCH
_qFEDL
100 _aSchorer Mark Ed.
245 0 _aSinclair Lewis: A collection of critical essays
260 _aEnglewood Chiffs, USA
_bPrentice Hall
_c1962
300 _ax,174p
942 _cTEXL
_h824, SCH
999 _c1362030
_d1362030